000 02841nam a2200325Ia 4500
003 CO-CtgCURN
005 20250929143839.0
008 190724s2005 xx 000 0 und d
020 _a9586825639
040 _aCO-CtgCURN
_bspa
_ccoctgcurn
082 _a362.098
_bG475f
100 _aGill, Indermit
_eautor
_98616
245 0 _aEl futuro de la seguridad social en América Latina /
_cIndermit Gill; Truman Packard; Juan Yermo; traducción., Luis Eduardo Fajardo
260 _aBogotá, Colombia :
_bBanco Mundial,
_c2005
300 _a64 páginas ,
_bimágenes, fotografías;
_c21 centímetros
490 _aSerie Desarrollo Para Todos ;
_v12
500 _aTitulo original : Keeping the promise of social security in Latin America
500 _aIncluye introducción e índice
504 _aIncluye referencias bibliográficas
505 _a1. El papel de las pensiones -- 2. El papel del gobierno -- 3. La reforma pensional en américa latina -- 4. ¿Han funcionado las reformas? -- 5. El camino a seguir.
520 _aEl objetivo de la serie desarrollo para todos es poner a disposición de formadores de opinión, dirigentes públicos y privados, estudiantes y académicos, los resultados y discusiones en torno a tópicos clave de la agenda actual de los países en desarrollo en los foros multilaterales: globalización, desigualdad, integración económica, empleo, comercio internacional y proteccionismo, pensiones y clima de inversión, entre otros. Todos los materiales han sido escritos y presentados para permitir que personas no expertas en el tema puedan leerlos fácilmente, aunque tiene como base los más complejos y recientes informes e investigaciones tanto del Banco Mundial como del BID. América Latina ha tenido gran éxito con sus reformas a la seguridad social, teniendo como resultado una sostenibilidad fiscal incrementada, una cantidad sustancial de ahorros canalizados al sector financiero, y una mejora en la equidad social de las prestaciones de seguridad social. A pesar de estos éxitos notables, ha habido también desilusiones significativas. La principal de ellas es el fracaso en extender el acceso a la seguridad social a u segmento mas amplio de la sociedad. En este libro accesible e intuitivo, los autores estan a favor de aumentar la atencion que se presta a la prevención de la pobreza social, considerando las reformas se seguridad social en la región, midiendolas contra sus beneficios promedios.
521 _aAREA SOCIOHUMANISTICA
590 _aPrograma de Derecho_18
650 _aSeguridad social
_zAmérica Látina
_98617
700 _aPackard, Truman
_eautor
700 _aYermo, Juan
_eautor
700 _aFajardo, Luis Eduardo
_etraducción
942 _cBK
_h362.098
_iG475f
_02
_2ddc
999 _c29860
_d29860